மாமன்னன் சங்கிலியன் /

Saved in:
Bibliographic Details
Format: Book
Language:English
Published: யாழ்ப்பாணம்: கமலம், 2012.
Tags: Add Tag
No Tags, Be the first to tag this record!

MARC

LEADER 00000nam a2200000 4500
003 LK-CoNLD
005 20150929061331.0
008 150929b xxu||||| |||| 00| 0 eng d
015 |2 slnb  |a 23 
942 |c BOOK 
017 |b LK-CoDNA 
020 |a 9789551624187 
040 |a LK-CoNLD  |b TAM  |c LK-CoNLD  |d LK-CoNLD 
082 |2 23  |a 894.8113  |q LK-CoNLD 
245 |a மாமன்னன் சங்கிலியன் /  |c க.குணராசா. 
260 |9 3499  |a யாழ்ப்பாணம்:  |b கமலம்,  |c 2012. 
300 |a ப.97;  |c செ.மீ 21. 
999 |c 3212  |d 3212